1118 1542 1243 1865 1483 1521 1922 1967 1534 1746 1362 1395 1080 1486 1000 1345 1832 1641 1074 1872 1187 1268 1209 1388 1747 1578 1577 1339 1825 1646 1740 1944 1878 1646 1090 1510 1910 1386 1014 1863 1908 1870 1414 1140 1034 1063 1778 1345 1592 1608 1508 1961 1898 1536 1121 1672 1840 1513 1750 1492 1440 1558 1563 1874 1894 1838 1601 1819 1146 1410 1755 1296 1623 1849 1463 1157 1897 1120 1618 1614 1477 1914 1251 1576 1088 1665 1067 1438 1771 1063 1627 1136 1936 1983 1252 1066 1048 1806 1713 BCNSPRNW ULIB Ver.6.0+V

เปลี่ยนเป็นภาษาไทย

Change to English
 แสดงรายละเอียดบรรณานุกรม
  กลับหน้าหลัก

Brief Record : Get Marc (ISO 2709) : E-mail record : QR code < ปิดหน้าต่าง
LEADER : 00000nam 2200000uu 4500
001    13399128481
003     ULIB
008    230830s2020||||th 000 0 tha d
020    ^a9781108781626 (pbk.)
050  4 ^aPE1128^bIG22
245 00 ^aIELTS 15 general training with answers :^bauthenticexamination tests /^c[Cambridge University Press]
260    ^aCambridge :^bCambridge University Press,^c2020
300    ^a140 p. :^bill. ;^c25 cm.
650  0 ^aInternational English Language Testing System^vStudyguides
650  0 ^aEnglish language^vTextbooks for foreign speakers
650  0 ^aEnglish language^xStudy and teaching
650  0 ^aEnglish language^xExaminations^vStudy guides
650  0 ^aEnglish language^vProblems, exercises, etc.
653    ^aIELTS
945    ^p1099^l0^i010225
999    ^aประนอม เกษจรัล
รายการนี้ยังไม่มีแท็ก
คุณยังไม่ได้ล็อกอิน คุณสามารถมีกิจกรรมร่วมกับเว็บไซต์ได้ แต่ต้องล็อกอินก่อน ::
  ล็อกอิน

รายการสื่อสารสนเทศ

ลำดับที่ ประเภท เลขเรียก/บาร์โค้ด สถานที่ สถานะ
1. การศึกษาทั่วไป
หนังสือสำรอง
สถานะ=หนังสือสำรอง
PE1128 IG22 ฉ.1 
  Barcode: 010225
ห้องสมุดวิทยาเขตสวรรค์ประชารักษ์
►หนังสือทั่วไป
บนชั้น

BibComment


ยังไม่เคยถูกคอมเมนท์

คอมเมนท์ทรัพยากรรายการนี้
  คอมเมนท์: IELTS 15 general..


 Copyright 2026. Bcnsprnw @Library